| 000 | 01109cam a2200253M 4500 | ||
|---|---|---|---|
| 001 | religionoftruth00omar | ||
| 003 | CaSfIA | ||
| 005 | 20210118214719.0 | ||
| 007 | cr|||| | ||
| 008 | 080312s1992 su 000 0 eng d | ||
| 040 |
_aAU@ _cAU@ _dCaSfIA |
||
| 035 | _a(OCoLC)271766934 | ||
| 100 | 1 | _aOmar, Abdul Rahman Ben Hammad al- | |
| 245 | 1 | 4 |
_aThe religion of truth / _h[electronic resource] _cAbdul Rahman Ben Hammad al- Omar. |
| 246 | 3 | _aDin al-haqq | |
| 260 |
_aRiyadh : _bPresidency of Islamic Researches Ifta and Propagation, _c1992. |
||
| 300 |
_a115 p. ; _c17 cm. |
||
| 500 | _aArabische titel: Din al-haqq. | ||
| 029 | 0 |
_aAU@ _b000042812089 |
|
| 856 | 4 | 1 |
_uhttp://www.archive.org/details/religionoftruth00omar _zFree eBook from the Internet Archive |
| 942 | _cEB | ||
| 506 | _fНеобхідна авторизація на https://archive.org/ (створення облікового запису безкоштовно) | ||
| 506 | _fНеобхідна авторизація на https://openlibrary.org/ (створення облікового запису безкоштовно) | ||
| 999 |
_c542899 _d542899 |
||